Pamiatke dr. M. R. Štefánika

Bibliographic Details
Main Author: Slávik, M. (Author)
Format: Article
Language:Slovak
Subjects:

MARC

LEADER 00000nab a2200000 a 4500
001 vtls000391036
003 SK-MaSNL
005 20260305021535.0
008 140328c1990 xo 0 slo
015 |a SNBRB19rr/mm-uuuuu 
035 |a CL0391160 
040 |a SNKBUCL  |b slo  |c SNKBUCL  |e AACR2 
041 0 |a slo 
044 |a xo  |c SK 
080 |a 885.4-1  |2 1981 
100 1 |a Slávik, M.  |4 aut  |9 283221 
245 1 0 |a Pamiatke dr. M. R. Štefánika  |c M. Slávik 
600 1 7 |a Štefánik, Milan Rastislav,  |d 1880-1919  |2 snkbucl  |9 86219 
655 7 |a slovenská poézia  |2 snkbucl  |9 70444 
655 7 |a dedikačná poézia  |2 snkbucl  |9 240053 
655 7 |a články z novín a časopisov  |2 snkbucl  |9 267496 
655 7 |a články z odboru literárna veda a krásna literatúra  |2 snkbucl  |9 770045 
773 0 |t Cirkevné listy  |g Roč. 103, č. 5 (1990), s. 2 obál. 
850 |a Slovenská národná knižnica v Martine  |a MTA001 
852 |a SNK  |b KIS3GCP 
958 |a RK 
958 |a LX 
992 |a RBX 
999 |c 3286751  |d 3288681